000 00548 a2200193 4500
999 _c32039
_d32039
003 OSt
005 20260209141756.0
008 260209b ||||| |||| 00| 0 eng d
020 _a978-81-198-4703-7
040 _c.
082 _a658.404
_bH8118
100 _96558
_aHorine, Gregory M.
245 _aProject Management Absolute Beginner’s Guide /
_cGregory M. Horine
250 _a5th ed.
260 _bPearson India education services pvt ltd,
_aNoida :
_c2024.
300 _a446 p.
650 0 _92103
_aProject management
942 _2ddc
_cBK